000 01313cam a22002295a 4500
001 L143212
008 060405s2008 xxk 000 0 eng u
020 _a9781904829744
022 0 _a1350-9500
035 _a(Sirsi) u143212
041 0 _aeng
050 0 4 _a690.23 $2 18
110 2 _aBuilding Cost Information Service
_91096
245 0 0 _aGuide to house rebuilding costs 2008
250 _a30th (revised) ed.
260 _aLondon
_bRICS
_c2008
300 _a112p
_c30cm.
520 _aAnnual publication giving details of rebuilding costs for houses for reinstatement cost assessment. The rebuilding cost tables show the costs for gross external floor area in four regional groups, covering five house types, four age bands, three sizes and three quality bands. The guide also provides: additional costs and adjustments; regional variations; demolition costs; architects and surveyors fees; notes on preparing a reinstatement cost assessment; factors affecting building costs; specification and design notes; and elemental cost tables for different types and age of house. Supplements include the rebuilding cost tables for gross internal floor area and the ABI/BCIS house rebuilding cost index. Appendices.
651 4 _aUnited Kingdom
_y
690 _aBUILT ENVIRONMENT-BUILDING COSTS
942 _n0
999 _c108103
_d108103